[Event "GER-ch blitz"]
[Site "Magdeburg"]
[Date "2022.08.21"]
[Round "19"]
[White "Heidenfeld, Mark"]
[Black "Voege, Tobias"]
[Result "1/2-1/2"]
[WhiteElo "2373"]
[BlackElo "2360"]
[PlyCount "53"]
[EventDate "2022.08.21"]
[EventType "tourn (blitz)"]
[EventRounds "29"]
[EventCountry "GER"]
[EventCategory "5"]
[SourceTitle "CBM 210 Extra"]
[Source "ChessBase"]
[SourceDate "2022.11.30"]
[SourceVersion "1"]
[SourceVersionDate "2022.11.30"]
[SourceQuality "1"]

1. e4 c5 2. Nf3 Nc6 3. d4 cxd4 4. Nxd4 g6 5. Nc3 Bg7 6. Be3 Nf6 7. Be2 0-0 8. 0-0 d5 9. exd5 Nb4 10. d6 Qxd6 11. Ndb5 Qxd1 12. Bxd1 Bf5 13. Nd4 Nfd5 14. Nxf5 gxf5 15. Bc5 Rfc8 16. Nxd5 Nxd5 17. Ba3 Nb6 18. Bxe7 Bxb2 19. Rb1 Bc3 20. Bf3 Rc7 21. Bd6 Rd7 22. Bc5 Rc7 23. Bxb6 axb6 24. Rxb6 Rxa2 25. Rxb7 Rxb7 26. Bxb7 Rxc2 27. g3 1/2-1/2

[Event "Olympiad-44"]
[Site "Chennai"]
[Date "2022.08.08"]
[Round "10.4"]
[White "Baenziger, Fabian"]
[Black "Heidenfeld, Mark"]
[Result "1-0"]
[WhiteElo "2451"]
[BlackElo "2355"]
[PlyCount "67"]
[EventDate "2022.07.29"]
[EventType "team-swiss"]
[EventRounds "11"]
[EventCountry "IND"]
[SourceTitle "CBM 210"]
[Source "ChessBase"]
[SourceDate "2022.10.31"]
[SourceVersion "1"]
[SourceVersionDate "2022.10.31"]
[SourceQuality "1"]
[WhiteTeam "Switzerland"]
[BlackTeam "Ireland"]
[WhiteTeamCountry "SUI"]
[BlackTeamCountry "IRL"]

1. d4 Nf6 2. c4 e6 3. Nf3 d5 4. g3 Bb4+ 5. Bd2 Bd6 6. Bg2 c6 7. Nc3 Nbd7 8. b3 0-0 9. 0-0 b6 10. e4 dxe4 11. Ng5 Bb7 12. Ngxe4 Be7 13. Qc2 Nxe4 14. Nxe4 c5 15. dxc5 bxc5 16. Rad1 Qc8 17. Be3 Nf6 18. Nd6 Bxd6 19. Bxb7 Qxb7 20. Rxd6 Rfc8 21. Rfd1 h6 22. Bf4 a5 23. a4 Rab8 24. R1d3 Qe4 25. f3 Qa8 26. Qd2 Qa7 27. Be5 Kh7 28. Qc2 Kg8 29. Qc3 Qe7 30. Qxa5 Rb4 31. Rd8+ Rxd8 32. Qxd8+ Qxd8 33. Rxd8+ Kh7 34. Rb8 1-0

[Event "Olympiad-44"]
[Site "Chennai"]
[Date "2022.08.07"]
[Round "9.4"]
[White "Heidenfeld, Mark"]
[Black "Brunello, Sabino"]
[Result "0-1"]
[WhiteElo "2355"]
[BlackElo "2520"]
[PlyCount "80"]
[EventDate "2022.07.29"]
[EventType "team-swiss"]
[EventRounds "11"]
[EventCountry "IND"]
[SourceTitle "CBM 210"]
[Source "ChessBase"]
[SourceDate "2022.10.31"]
[SourceVersion "1"]
[SourceVersionDate "2022.10.31"]
[SourceQuality "1"]
[WhiteTeam "Ireland"]
[BlackTeam "Italy"]
[WhiteTeamCountry "IRL"]
[BlackTeamCountry "ITA"]

1. e4 c5 2. Nf3 d6 3. d4 cxd4 4. Nxd4 Nf6 5. Nc3 a6 6. g3 e5 7. Nde2 Be6 8. Bg2 Nbd7 9. 0-0 h5 10. Bg5 Be7 11. Qd2 b5 12. a4 b4 13. Nd5 Nxd5 14. exd5 Bxg5 15. f4 Bg4 16. fxg5 Bxe2 17. Qxe2 Qxg5 18. Rf4 h4 19. Rg4 Qh5 20. Bf3 hxg3 21. hxg3 Qh3 22. Bg2 Qh5 23. Bf3 Ke7 24. Rxb4 Qh3 25. Kf2 Qf5 26. Kg2 Rac8 27. c3 Rh6 28. Rh4 Rxh4 29. gxh4 Rh8 30. Rh1 Nc5 31. b4 Qg6+ 32. Kf1 Nxa4 33. Qxa6 Nxc3 34. Qa7+ Kf6 35. Qe3 Rc8 36. Rg1 Qh6 37. Qf2 Ke7 38. Rg4 Qc1+ 39. Kg2 Nxd5 40. Kg3 Ne3 0-1

[Event "IRL-ch 100th"]
[Site "Dublin"]
[Date "2021.08.02"]
[Round "3"]
[White "Heidenfeld, Mark"]
[Black "Murphy, Conor"]
[Result "1-0"]
[WhiteElo "2360"]
[BlackElo "2394"]
[PlyCount "91"]
[EventDate "2021.07.31"]
[EventType "swiss"]
[EventRounds "9"]
[EventCountry "IRL"]
[SourceTitle "CBM 203 Extra"]
[Source "ChessBase"]
[SourceDate "2021.09.30"]
[SourceVersion "1"]
[SourceVersionDate "2021.09.30"]
[SourceQuality "1"]

1. e4 e5 2. Nf3 Nc6 3. c3 Nf6 4. d4 Nxe4 5. d5 Bc5 6. dxc6 Bxf2+ 7. Ke2 Bb6 8. Qd5 Nf2 9. cxb7 Bxb7 10. Qxb7 Nxh1 11. Bg5 f6 12. Be3 Rb8 13. Qa6 0-0 14. Nbd2 d5 15. Nb3 f5 16. g3 f4 17. gxf4 exf4 18. Bd4 Qe7+ 19. Kd2 Bxd4 20. Nfxd4 Rbe8 21. Qc6 Qe5 22. Kc2 Nf2 23. Nd2 Rf6 24. Qd7 c5 25. Bb5 Rff8 26. N4f3 Qe6 27. Rg1 Qxd7 28. Bxd7 Re3 29. Rg5 Ne4 30. Rxd5 Nxd2 31. Nxd2 f3 32. Bb5 f2 33. Bc4 Kh8 34. Bf1 Re1 35. Rxc5 g6 36. Rd5 Ra1 37. Ra5 Re8 38. Rxa7 Ree1 39. Rf7 Rac1+ 40. Kd3 Rxf1 41. Nxf1 Rxf1 42. Ke3 Ra1 43. Rxf2 Rxa2 44. c4 Kg7 45. c5 Ra4 46. Kd3 1-0

[Event "Bunratty Online"]
[Site "Chess.com INT"]
[Date "2021.02.20"]
[Round "9"]
[White "Heidenfeld, Mark"]
[Black "O'Cuilleanain, Oisin"]
[Result "1-0"]
[WhiteElo "2360"]
[BlackElo "1669"]
[PlyCount "61"]
[EventDate "2021.02.20"]
[EventType "swiss (blitz)"]
[EventRounds "9"]
[EventCountry "IRL"]
[SourceTitle "CBM 200 Extra"]
[Source "ChessBase"]
[SourceDate "2021.03.31"]
[SourceVersion "1"]
[SourceVersionDate "2021.03.31"]
[SourceQuality "1"]

1. e4 c5 2. Nf3 d6 3. d4 cxd4 4. Qxd4 Nc6 5. Bb5 Bd7 6. Bxc6 Bxc6 7. c4 Nf6 8. Nc3 e6 9. 0-0 Be7 10. Rd1 0-0 11. h3 a6 12. b4 Qc7 13. Bb2 Nd7 14. Rac1 Rfd8 15. b5 Bf6 16. Qd2 Bxc3 17. Qxc3 e5 18. bxc6 Qxc6 19. Ba3 Nc5 20. Bxc5 Qxc5 21. Rd5 Qc6 22. Qd3 b5 23. Nxe5 Qc7 24. Nf3 Rac8 25. c5 dxc5 26. Rxd8+ Rxd8 27. Rxc5 Qb6 28. Rd5 Rc8 29. Rd7 h6 30. Qd5 Qf6 31. Qf5 1-0

[Event "Bunratty Online"]
[Site "Chess.com INT"]
[Date "2021.02.20"]
[Round "8"]
[White "Williams, Simon Kim"]
[Black "Heidenfeld, Mark"]
[Result "1-0"]
[WhiteElo "2464"]
[BlackElo "2360"]
[PlyCount "139"]
[EventDate "2021.02.20"]
[EventType "swiss (blitz)"]
[EventRounds "9"]
[EventCountry "IRL"]
[SourceTitle "CBM 200 Extra"]
[Source "ChessBase"]
[SourceDate "2021.03.31"]
[SourceVersion "1"]
[SourceVersionDate "2021.03.31"]
[SourceQuality "1"]

1. e4 e6 2. d4 d5 3. e5 c5 4. c3 Bd7 5. Nf3 Qb6 6. Bd3 Bb5 7. dxc5 Bxc5 8. b4 Bxd3 9. Qxd3 Be7 10. Be3 Qa6 11. b5 Qa5 12. Nbd2 Nd7 13. 0-0 Nh6 14. Nb3 Qc7 15. Rfe1 Nf5 16. Rac1 Rc8 17. Nbd2 Nxe3 18. Qxe3 Nb6 19. Qf4 Nc4 20. Nf1 0-0 21. Qg4 Qb6 22. Ng3 f5 23. exf6 Rxf6 24. Nd4 Rg6 25. Qh3 Bc5 26. Rxe6 Rxe6 27. Qxe6+ Qxe6 28. Nxe6 Bb6 29. Nf5 Re8 30. Ned4 g6 31. Ng3 Bxd4 32. cxd4 Re6 33. h4 Rb6 34. a4 a6 35. bxa6 Rxa6 36. Rb1 b6 37. Rb5 Ra7 38. Rxd5 Rxa4 39. h5 gxh5 40. Nxh5 Nd2 41. Rd7 h6 42. Nf6+ Kf8 43. d5 Rd4 44. Rb7 Nc4 45. g3 Nd6 46. Rxb6 Nf5 47. Rb7 Nd6 48. Rd7 Nc4 49. Kg2 Nb6 50. Rh7 Rd2 51. Kf3 Nxd5 52. Nxd5 Rxd5 53. Rxh6 Kg7 54. Rh4 Kg6 55. Re4 Kf5 56. g4+ Kg5 57. Kg3 Rd3+ 58. Re3 Rd6 59. f4+ Kf6 60. g5+ Kf5 61. Re5+ Kg6 62. Kg4 Rd1 63. f5+ Kf7 64. g6+ Kg7 65. Re7+ Kf6 66. Rf7+ Ke5 67. g7 Rg1+ 68. Kh5 Rh1+ 69. Kg6 Rg1+ 70. Kh7 1-0

[Event "Oberliga Wuerttemberg 1920"]
[Site "Wuerttemberg"]
[Date "2019.09.15"]
[Round "1.1"]
[White "Heidenfeld, Mark"]
[Black "Zilka, Stepan"]
[Result "0-1"]
[WhiteElo "2352"]
[BlackElo "2529"]
[PlyCount "114"]
[EventDate "2019.09.15"]
[EventType "team-tourn"]
[EventRounds "9"]
[EventCountry "GER"]
[SourceTitle "EXT 2021"]
[Source "ChessBase"]
[SourceDate "2020.10.23"]
[SourceVersion "1"]
[SourceVersionDate "2020.10.23"]
[SourceQuality "1"]
[WhiteTeam "Jedesheim"]
[BlackTeam "Deizisau"]
[WhiteTeamCountry "GER"]
[BlackTeamCountry "GER"]

1. e4 e5 2. Nf3 Nc6 3. Bb5 a6 4. Bxc6 dxc6 5. 0-0 Qf6 6. d4 exd4 7. Bg5 Qd6 8. Nxd4 Be7 9. Nf3 Bxg5 10. Qxd6 cxd6 11. Nxg5 Ne7 12. Rd1 f6 13. Nf3 Kd7 14. Nbd2 Kc7 15. Nc4 d5 16. exd5 Nxd5 17. Re1 Bg4 18. Nd4 Rhe8 19. f3 Bd7 20. Kf2 c5 21. Nb3 b6 22. Rad1 Rxe1 23. Rxe1 Bf5 24. c3 Rd8 25. Ne3 Nxe3 26. Rxe3 Kc6 27. Re7 Rd1 28. Rxg7 Rb1 29. Rf7 Rxb2+ 30. Ke3 Bg6 31. Rxf6+ Kc7 32. Nd2 Rc2 33. c4 Rxa2 34. g4 Ra3+ 35. Kf4 Rd3 36. Ne4 a5 37. Re6 a4 38. Nf6 a3 39. Nd5+ Rxd5 40. cxd5 a2 41. Re7+ Kb8 42. Re1 Bb1 43. Re8+ Kb7 44. Re7+ Kb8 45. Re8+ Kc7 46. Ra8 Kb7 47. Ra3 b5 48. d6 b4 49. d7 bxa3 50. d8Q a1Q 51. Qd7+ Kb6 52. Qd6+ Kb5 53. Qd7+ Ka5 54. Qc7+ Kb4 55. Qb6+ Ka4 56. Qa6+ Kb3 57. Qb7+ Kc2 0-1

[Event "Bunratty Masters 26th"]
[Site "Bunratty"]
[Date "2019.02.23"]
[Round "4"]
[White "Hebden, Mark"]
[Black "Heidenfeld, Mark"]
[Result "1-0"]
[WhiteElo "2417"]
[BlackElo "2358"]
[PlyCount "69"]
[EventDate "2019.02.22"]
[EventType "swiss"]
[EventRounds "6"]
[EventCountry "IRL"]
[SourceTitle "CBM 189 Extra"]
[Source "ChessBase"]
[SourceDate "2019.06.03"]
[SourceVersion "1"]
[SourceVersionDate "2019.06.03"]
[SourceQuality "1"]

1. d4 d6 2. e4 e5 3. Nf3 Nc6 4. Bb5 Bd7 5. Nc3 exd4 6. Nxd4 Nge7 7. Be3 Nxd4 8. Qxd4 Bxb5 9. Nxb5 a6 10. Nc3 Nc6 11. Qd2 Be7 12. 0-0-0 Qd7 13. Nd5 0-0 14. g4 Rfe8 15. f3 b5 16. h4 Ne5 17. Qg2 Nc4 18. Bg5 f6 19. Bf4 c6 20. Ne3 Nxe3 21. Bxe3 Qe6 22. Kb1 d5 23. Bc1 dxe4 24. Rhe1 exf3 25. Qxf3 Qc8 26. g5 f5 27. Re5 Bf8 28. Rxf5 Qe6 29. h5 Be7 30. g6 Rf8 31. Rxf8+ Rxf8 32. Qg3 hxg6 33. hxg6 Rf6 34. Re1 Qd6 35. Qh4 1-0

[Event "Bunratty Masters op 25th"]
[Site "Bunratty"]
[Date "2018.02.25"]
[Round "6"]
[White "Speelman, Jonathan S"]
[Black "Heidenfeld, Mark"]
[Result "1/2-1/2"]
[WhiteElo "2503"]
[BlackElo "2356"]
[PlyCount "73"]
[EventDate "2018.02.23"]
[EventType "swiss"]
[EventRounds "6"]
[EventCountry "IRL"]
[SourceTitle "CBM 183 Extra"]
[Source "ChessBase"]
[SourceDate "2018.04.19"]
[SourceVersion "1"]
[SourceVersionDate "2018.04.19"]
[SourceQuality "1"]

1. d4 e6 2. e4 d5 3. Nd2 dxe4 4. Nxe4 Nd7 5. Nf3 Ngf6 6. Nxf6+ Nxf6 7. Bd3 c5 8. dxc5 Bxc5 9. 0-0 0-0 10. Bg5 b6 11. Qe2 Bb7 12. Rad1 Qc7 13. Bxf6 gxf6 14. Be4 Rfd8 15. Bxb7 Qxb7 16. a3 b5 17. c3 a6 18. Nd4 f5 19. Qe3 Bxd4 20. Rxd4 Rxd4 21. Qxd4 Qa7 22. Rd1 Qxd4 23. Rxd4 Rc8 24. Kf1 Rc6 25. Ke2 Kg7 26. a4 Kf6 27. Kd3 h5 28. axb5 axb5 29. Rd7 Rc8 30. Rb7 Rd8+ 31. Ke3 Rd5 32. f4 h4 33. b4 Kg6 34. h3 f6 35. Rb6 Kf7 36. Rb7+ Kg6 37. Rb6 1/2-1/2